| 000 | 00938nas a2200277 4500 | ||
|---|---|---|---|
| 001 | BR0805797 | ||
| 003 | BR-BrBNA | ||
| 005 | 20231205112021.0 | ||
| 007 | ta | ||
| 008 | 230509b bl.|||p| |||| 00| 00por d | ||
| 040 |
_aBR-BrBNA _bpor _cBiblioteca Nacional de Agricultura |
||
| 041 | _a(Pt) | ||
| 072 | _aL51; Q54 | ||
| 100 | 1 | _aFreitas, E.R. | |
| 100 | 1 | _aSakomura, N.K. | |
| 100 | 1 | _aDahlke, F. | |
| 100 | 1 | _aSantos, F.R. | |
| 100 | 1 | _aBarbosa, N.A.A. | |
| 245 | 1 | _aDesempenho, eficiência de utilização dos nutrientes e estrutura do trato digestório de pintos de corte alimentados na fase pré-inicial com rações de diferentes formas físicas | |
| 650 | _aRAÇÃO | ||
| 650 | _aALIMENTO PARA ANIMAL | ||
| 650 | _aPINTO DE CORTE | ||
| 773 | 0 |
_tRevista Brasileira de Zootecnia (Brazil) _xISSN 1516-3598 _g(Jan 2008), v. 37(1) p. 73-78 _wBR0805797 |
|
| 909 |
_a202311 _bLúcia _c55 _dLúcia Elande |
||
| 942 |
_2AGRIS _n0 _cANA |
||
| 999 |
_c195647 _d195647 |
||